| 000 | 00537nam a2200205Ia 4500 | ||
|---|---|---|---|
| 003 | GCL | ||
| 008 | 140319s9999 xx 000 0 eng d | ||
| 040 |
_aGCL / _cGCL |
||
| 082 | 0 | 4 |
_a808.831 _bP T |
| 100 | 1 | _aPIERCE, TINA | |
| 245 | 1 | 0 |
_aTWENTIETH CENTURY ENGLISH SHORT STORIES / _cPIERCE, TINA |
| 700 | 1 | _aCONCHRANE, EDWARD | |
| 260 |
_a[S.N] : _bEVANS. BROTHERS LIMITED ، _c1981 |
||
| 300 | _a168 P | ||
| 650 | 0 | 4 | _aSTORIES |
| 650 | 0 | 4 | _aENGLISH LANGUAGE |
| 650 | 0 | 4 | _aSHORT STORIES |
| 650 | 0 | 4 | _aLANGUAGES |
| 942 |
_2ddc _cBK |
||
| 999 |
_c25383 _d25383 |
||